| 000 | 00615nam a2200253Ia 4500 | ||
|---|---|---|---|
| 001 | 18449 | ||
| 003 | GE_BSU | ||
| 008 | 181216s||||||||xx |||||||||||||| ||und|| | ||
| 020 | _a9780273678007 | ||
| 040 | _cGE_BSU | ||
| 080 | _a005.1 | ||
| 100 | _aBaruch, Yehuda | ||
| 245 | _aManaging Careers | ||
| 245 | _bTheory and Practice | ||
| 260 | _aHarlow | ||
| 260 | _bPrentice Hall | ||
| 260 | _c2004 | ||
| 300 | _a301p. 25cm. | ||
| 653 | _aManaging Careers | ||
| 653 | _aTheory and Practice | ||
| 653 | _aმართვა, კარიერა | ||
| 653 | _aმენეჯმენტი | ||
| 942 | _cBK | ||
| 999 |
_c51463 _d51463 |
||